Normal view
MARC view
- CARLET,CLAUDE
Entry Personal Name
001 - CONTROL NUMBER
- control field: 90740
003 - CONTROL NUMBER IDENTIFIER
- control field: NUST
005 - DATE AND TIME OF LATEST TRANSACTION
- control field: 20220330111223.0
008 - FIXED-LENGTH DATA ELEMENTS
- fixed length control field: 220330|| aca||aabn | a|a d
040 ## - CATALOGING SOURCE
- Original cataloging agency: NUST
- Transcribing agency: NUST
100 ## - HEADING--PERSONAL NAME
- Personal name: CARLET,CLAUDE
670 ## - SOURCE DATA FOUND
- Source citation: Work cat.: (NUST): CARLET,CLAUDE., BOOLEAN FUNCATIONS FOR CRYTOGRAPHY AND CODING THEORY /, 2020.
